Statistiques concernant Devinez le Pays Mystère #36

Cliquez ici pour prendre le quiz!

Statistiques générales

  • Ce quiz a été pris 405 fois
  • Le résultat moyen est 11 sur 15

Statistiques - réponses

Type de RéponseRéponse% Correct
Lettre Bien PlacéeE
100%
Lettre TrouvéeE
100%
Lettre TrouvéeN
99%
Lettre TrouvéeA
97%
Lettre TrouvéeR
91%
Lettre TrouvéeO
78%
Lettre Bien PlacéeA
70%
Lettre TrouvéeD
68%
Lettre Bien PlacéeR
68%
Lettre Bien PlacéeO
65%
Pays MystèreAndorre
52%
Lettre Bien PlacéeD
52%
Lettre Bien PlacéeN
52%
Lettre Bien PlacéeR
52%
Lettre TrouvéeR
52%

Distribution des résultats

Percentile par nombre de réponses

% des personnes avec chaque résultat

Votre développement - résultats

Vous n’avez pas pris ce quiz